000 00286nam a22001337a 4500
008 171010b xxu||||| |||| 00| 0 eng d
020 _a132084139
041 _aeng
080 _a316
100 _a50
101 _aSOC
245 _aDEVIANCE AND IDENTITY
_cLOFLAND,J
942 _2udc
_cBK
999 _c32875
_d32875